LEADER 01021naa a2200217 u 4500 001 000000099801 003 CaOOAMICUS 005 20070226130200.0 008 051006s2003 it u000 u ita u 035 $a11062154 040 $aIAR$bita 100 1 $aFattori, Maria Teresa.$0(OLS)http://pul/name/42886 245 10$a[Recensione :] A. Prosperi: L'eresia del Libro Grande. Storia di Giorgio Siculo e della sua setta /$cMaria Teresa Fattori. 260 $aBologna :$bEd. Dehoniane,$c2003. 300 $aS. 202-205 ;$c22 cm 600 14$aProsperi, Adriano,$d1939-$tEresia del Libro Grande.$0(OLS)http://pul/subject/32033 730 0 $aCristianesimo nella storia$g[Spogli].$0(OLS)http://pul/title/7312 773 0 $aCristianesimo nella storia ;.$tvol. XXIV (2003) 773 0 $tCristianesimo nella storia$w()5012 996 $6245$a[Recensione :] A. Prosperi: L'eresia del Libro Grande. Storia di Giorgio Siculo e della sua setta$9(OLS)http://pul/title/126680 996 $6260$aBologna :$bEd. Dehoniane$9(OLS)http://pul/publisher/48282 LEADER 01787nam a2200349 a 4500 001 000000126908 003 CaOOAMICUS 005 20130205122628.0 008 111110s2011 it u000 u ita r 020 $a978-88-15-13188-1 040 $aPUL$bita 041 0 $aita$afre$alat 082 04$a262.52 100 1 $aVelati, Mauro,$d1962-$0(OLS)http://pul/name/34784 245 10$aDialogo e rinnovamento :$bverbali e testi del segretariato per l'unità dei cristiani nella preparazione del concilio Vaticano II (1960-1962) /$cMauro Velati. 260 $aBologna :$bIl Mulino,$c2011. 300 $a939 p. ;$c21 cm 490 1 $aTesti e ricerche di scienze religiose (Istituto per le scienze religiose) ;$v6 546 $aTesti in italiano, francese e latino. 611 24$aConcilium Vaticanum$n(2 :$d1962-1965).$0(OLS)http://pul/subject/71 830 0$aTesti e ricerche di scienze religiose (Istituto per le scienze religiose).$pFonti e strumenti di ricerca ;$v5.$0(OLS)http://pul/title/155820 850 $aPUL 852 $aPUL$W1$xSL Religione 3$y85$m262. 52 VELMA 1$j146736$qDDC 21$B145431$CPULBib$Z2$F145431 $H118179 $82 852 $aPUL$W1$xFondo C.V.II$y119$mDOC 4$j152546$qFondi$B151912$CPULBib$Z2$F151912 $HCVII 28 $82 941 1 $a9 941 1 $a1 960 $aConcilio Vaticano II (1962-1965)$971 996 $6020$a978-88-15-13188-1$9(OLS)http://pul/number/148455 996 $6082$a262.52$9(OLS)http://pul/classification/356 996 $6245$aDialogo e rinnovamento :$bverbali e testi del segretariato per l'unità dei cristiani nella preparazione del concilio Vaticano II (1960-1962)$9(OLS)http://pul/title/160320 996 $6260$aBologna :$bIl Mulino$9(OLS)http://pul/publisher/47928